1803 1001 1319 1940 1467 1795 1988 1723 1620 1036 1540 1536 1054 1985 1514 1610 1642 1920 1647 1448 1991 1270 1499 1750 1824 1807 1818 1499 1276 1109 1034 1107 1330 1638 1887 1090 1327 1855 1354 1946 1392 1542 1095 1081 1525 1162 1909 1236 1296 1216 1959 1060 1669 1112 1519 1201 1811 1120 1784 1278 1392 1870 1711 1540 1980 1191 1063 1224 1165 1755 1395 1596 1699 1111 1918 1793 1831 1610 1768 1550 1907 1686 1992 1702 1247 1842 1413 1849 1152 1595 1351 1379 1049 1724 1139 1565 1013 1016 1161 BCNSPRNW ULIB Ver.6.0+V

เปลี่ยนเป็นภาษาไทย

Change to English
 แสดงรายละเอียดบรรณานุกรม
  กลับหน้าหลัก

Brief Record : Get Marc (ISO 2709) : E-mail record : QR code < ปิดหน้าต่าง
LEADER : 00000nam 2200000uu 4500
001    13399119988
003     ULIB
008    120820s2552||||th 000 0 tha d
020    ^a978611500005
090    ^aนว.^bณ429ร
100 0  ^aณารา
245 00 ^aรอยรักหักเหลี่ยมตะวัน/^cณารา
250    ^aพิมพ์ครั้งที่ 4
260    ^aกรุงเทพฯ :^bพิมพ์คำ,^c2552
300    ^a550 หน้า
945    ^p0^l0^i17000
995    ^aกัณชพร
999 ^a ใช้งานได้ทุกระบบ
รายการนี้ยังไม่มีแท็ก
คุณยังไม่ได้ล็อกอิน คุณสามารถมีกิจกรรมร่วมกับเว็บไซต์ได้ แต่ต้องล็อกอินก่อน ::
  ล็อกอิน

รายการสื่อสารสนเทศ

ลำดับที่ ประเภท เลขเรียก/บาร์โค้ด สถานที่ สถานะ
1. นวนิยาย
นวนิยาย
นว. ณ429ร  
  Barcode: 17000
ห้องสมุดวิทยาเขตสวรรค์ประชารักษ์
►นวนิยาย
บนชั้น
  ขอยืม

รายการใกล้เคียง
    ผู้แต่ง [ณารา]

BibComment


ยังไม่เคยถูกคอมเมนท์

คอมเมนท์ทรัพยากรรายการนี้
  คอมเมนท์: รอยรักหักเหลี่ยม..


 Copyright 2026. Bcnsprnw @Library